Statistics for Biggest Cities in Paraná

Click here to take the quiz!

General Stats

  • This quiz has been taken 36 times
  • The average score is 18 of 25

Answers on the Map

Answers color-coded by a green-red scale on the quiz's map according to % correct below.
 

Answer Stats

PopulationCity% Correct
1,948,630Curitiba
100%
256,100Foz do Iguaçu
96%
560,410Londrina
96%
422,420Maringá
96%
313,570Cascavel
87%
347,490Ponta Grossa
87%
295,040São José dos Pinhais
83%
135,270Araucária
78%
167,000Guarapuava
78%
133,490Pinhais
74%
112,180Campo Largo
70%
235,240Colombo
70%
150,520Paranaguá
70%
94,830Fazenda Rio Grande
65%
129,430Toledo
65%
104,430Umuarama
65%
122,050Arapongas
61%
90,540Campo Mourão
61%
115,030Almirante Tamandaré
57%
78,790Francisco Beltrão
57%
84,710Paranavaí
57%
78,890Pato Branco
57%
128,550Apucarana
48%
103,150Cambé
48%
96,980Sarandi
48%

Score Distribution

Percentile by Number Answered

Percent of People with Each Score

Your Score History

You have not taken this quiz